[Event "Quebec op U1700"]
[Site "Laval CAN"]
[Date "2022.09.04"]
[Round "6.43"]
[White "Harper, Jonathan"]
[Black "Peloquin, Charli"]
[Result "1-0"]
[WhiteElo "1590"]
[BlackElo "1298"]
[PlyCount "79"]
[EventDate "2022.09.01"]
[EventType "swiss"]
[EventRounds "9"]
[EventCountry "CAN"]

1. e4 c6 2. d4 d5 3. e5 c5 4. dxc5 Nc6 5. Nf3 Bg4 6. c3 a5 7. Bb5 e6 8. Be3 g6
9. Qa4 Bxf3 10. Bxc6+ bxc6 11. Qxc6+ Ke7 12. Bg5+ f6 13. exf6+ Nxf6 14. Qb7+
Ke8 15. Bxf6 Qxf6 16. Qxa8+ Kf7 17. Qa7+ Be7 18. c6 Ra8 19. Qe3 Bxg2 20. Rg1
Be4 21. Nd2 Bf5 22. Nf3 Bd6 23. Qd4 Qd8 24. O-O-O a4 25. Qh4 Qxh4 26. Nxh4 Bf4+
27. Rd2 Bxh2 28. Nxf5 exf5 29. Rh1 Bf4 30. Rxh7+ Kf6 31. Kc2 Bxd2 32. Kxd2 g5
33. b4 axb3 34. axb3 Rc8 35. c7 Ke5 36. Kd3 Kd6 37. Kd4 f4 38. Rg7 Rxc7 39.
Rxc7 Kxc7 40. Kxd5 1-0

[Event "Quebec op U1700"]
[Site "Laval CAN"]
[Date "2022.09.04"]
[Round "6.44"]
[White "Tachijian, Mardig"]
[Black "Duval, Mathieu"]
[Result "1-0"]
[WhiteElo "1552"]
[BlackElo "1524"]
[PlyCount "121"]
[EventDate "2022.09.01"]
[EventType "swiss"]
[EventRounds "9"]
[EventCountry "CAN"]

1. d4 Nf6 2. c4 c5 3. d5 g6 4. Nc3 Bg7 5. e4 d6 6. Nf3 O-O 7. Bd3 Bg4 8. h3
Bxf3 9. Qxf3 Nfd7 10. Qe2 Nb6 11. Bd2 N8d7 12. f4 e6 13. dxe6 fxe6 14. O-O Qe7
15. Kh1 Nb8 16. Qg4 Nc6 17. a3 Nd4 18. Rae1 Qd7 19. g3 Rae8 20. h4 Qf7 21. e5
Qd7 22. h5 gxh5 23. Qxh5 Nf5 24. Bxf5 Rxf5 25. Qe2 dxe5 26. Ne4 exf4 27. Rxf4
Qf7 28. Nd6 Qh5+ 29. Qxh5 Rxh5+ 30. Kg2 Rd8 31. Rxe6 Rg5 32. Rfe4 Rg6 33. Re8+
Rxe8 34. Rxe8+ Bf8 35. Nxb7 Nxc4 36. Bc3 Rb6 37. Nxc5 Kf7 38. Rxf8+ Kxf8 39.
Nd7+ Ke7 40. Nxb6 axb6 41. Kf3 Ke6 42. g4 Kd5 43. Kf4 Ke6 44. Kg5 Kf7 45. Bd4
b5 46. Kf5 Ke7 47. g5 Kf7 48. Bf6 Nd6+ 49. Ke5 Ne8 50. Bd8 Ng7 51. Kd5 Ne6 52.
Bf6 h5 53. gxh6 Kxf6 54. h7 Nf4+ 55. Kc6 Kg7 56. Kxb5 Kxh7 57. a4 Kg7 58. a5
Nd5 59. a6 Kf7 60. a7 Ke7 61. Kc6 1-0

[Event "Quebec op U1700"]
[Site "Laval CAN"]
[Date "2022.09.04"]
[Round "6.46"]
[White "Berube, Maximilien"]
[Black "Masse-Garneau, Anthony"]
[Result "1-0"]
[WhiteElo "1480"]
[BlackElo "1600"]
[PlyCount "123"]
[EventDate "2022.09.01"]
[EventType "swiss"]
[EventRounds "9"]
[EventCountry "CAN"]

1. c4 c5 2. Nf3 Nc6 3. Nc3 Nf6 4. e3 e6 5. d4 d5 6. dxc5 Bxc5 7. cxd5 exd5 8.
Bb5 O-O 9. h3 h6 10. O-O Be6 11. Ne2 Qb6 12. Ba4 Rfd8 13. Bxc6 bxc6 14. Nfd4
Bxd4 15. Nxd4 c5 16. Nxe6 Qxe6 17. b3 Rac8 18. Bb2 a5 19. Rc1 Qb6 20. Qc2 Ne4
21. Rfd1 Qe6 22. Qe2 Qf5 23. Rc2 Rd6 24. Qg4 Qxg4 25. hxg4 a4 26. Rdc1 axb3 27.
axb3 Rb8 28. Be5 Rdb6 29. Bxb8 Rxb8 30. f3 Nf6 31. Rxc5 Rxb3 32. Kf2 Kh7 33.
Rc7 Kg6 34. Ra1 Rb2+ 35. Kg3 h5 36. gxh5+ Nxh5+ 37. Kh2 f5 38. Raa7 f4 39. exf4
d4 40. Rd7 Nxf4 41. Rxg7+ Kh6 42. Rg4 Ne2 43. Rd7 Rb5 44. Rh4+ Kg5 45. Rdxd4
Nxd4 46. Rxd4 Kh5 47. Kh3 Rb1 48. Rd5+ Kg6 49. Kg4 Kf6 50. f4 Kf7 51. Rd6 Kf8
52. Rd7 Kg8 53. Kg5 Rb5+ 54. f5 Rb6 55. g4 Kh8 56. f6 Kg8 57. Kg6 Rb8 58. g5
Rf8 59. Rd1 Rc8 60. Re1 Rf8 61. Re8 Kh8 62. Rxf8# 1-0

[Event "Quebec op U1700"]
[Site "Laval CAN"]
[Date "2022.09.04"]
[Round "6.46"]
[White "Frangakis, Evan"]
[Black "Laporte, Michel"]
[Result "1-0"]
[WhiteElo "1589"]
[BlackElo "1528"]
[PlyCount "81"]
[EventDate "2022.09.01"]
[EventType "swiss"]
[EventRounds "9"]
[EventCountry "CAN"]

1. d4 d6 2. e4 g6 3. h3 Bg7 4. Nf3 Nf6 5. Bd3 O-O 6. O-O Nbd7 7. Be3 e5 8. d5
Nc5 9. Nc3 Nxd3 10. cxd3 a6 11. Rc1 Nh5 12. Qc2 f5 13. Ne2 fxe4 14. dxe4 Rxf3
15. gxf3 Bxh3 16. Rfd1 Qf6 17. Kh2 Qxf3 18. Rg1 Bf6 19. Ng3 Nf4 20. Bxf4 exf4
21. Kxh3 fxg3 22. fxg3 Re8 23. Rgf1 Qh5+ 24. Kg2 Bd4 25. Rh1 Qe5 26. Rce1 Bxb2
27. Qxc7 Re7 28. Qc8+ Kg7 29. Rhf1 Kh6 30. Qf8+ Kg5 31. Qf4+ Qxf4 32. gxf4+ Kg4
33. Re3 g5 34. Rg3+ Kh5 35. Rh1+ Kg6 36. Rxg5+ Kf6 37. Rh6+ Kf7 38. Rxh7+ Ke8
39. Rg8+ Kd7 40. Rxe7+ Kxe7 41. Rb8 1-0

[Event "Quebec op U1700"]
[Site "Laval CAN"]
[Date "2022.09.04"]
[Round "6.48"]
[White "Bourassa, Louis"]
[Black "Bergeron, Jean-Guy"]
[Result "1-0"]
[WhiteElo "1511"]
[BlackElo "1370"]
[PlyCount "43"]
[EventDate "2022.09.01"]
[EventType "swiss"]
[EventRounds "9"]
[EventCountry "CAN"]

1. e4 Nc6 2. Nc3 Nf6 3. Bc4 Ne5 4. Bb3 e6 5. d3 Bc5 6. d4 Nfg4 7. dxc5 Qh4 8.
g3 Qf6 9. f3 Nh6 10. Bxh6 gxh6 11. Qe2 b6 12. f4 Nc6 13. Nf3 bxc5 14. e5 Qg7
15. Ne4 Nb4 16. a3 Ba6 17. Nf6+ Ke7 18. Bc4 Bxc4 19. Qxc4 Nc6 20. Qxc5+ Kd8 21.
Rd1 Rb8 22. Rxd7+ 1-0

[Event "Quebec op U1700"]
[Site "Laval CAN"]
[Date "2022.09.04"]
[Round "6.49"]
[White "Smirnov, Arteme-Iouri"]
[Black "Houde-Belle-Isle, Raphael"]
[Result "0-1"]
[WhiteElo "1495"]
[BlackElo "1310"]
[PlyCount "44"]
[EventDate "2022.09.01"]
[EventType "swiss"]
[EventRounds "9"]
[EventCountry "CAN"]

1. e4 e5 2. Nf3 Nc6 3. d4 exd4 4. Nxd4 Nf6 5. Nxc6 bxc6 6. e5 Nd5 7. c4 Bb4+ 8.
Bd2 Bxd2+ 9. Qxd2 Ne7 10. Bd3 O-O 11. O-O d6 12. exd6 cxd6 13. Qc2 g6 14. Nd2
Bf5 15. Rad1 Qb6 16. Bxf5 Nxf5 17. Nf3 Rad8 18. g4 Ng7 19. Rd2 c5 20. Rfd1 Ne6
21. Qe4 Rfe8 22. Qd5 Nf4 0-1

[Event "Quebec op U1700"]
[Site "Laval CAN"]
[Date "2022.09.04"]
[Round "6.50"]
[White "Laroche, Martin"]
[Black "Duguay-Piron, Simon"]
[Result "1-0"]
[WhiteElo "1416"]
[BlackElo "1416"]
[PlyCount "59"]
[EventDate "2022.09.01"]
[EventType "swiss"]
[EventRounds "9"]
[EventCountry "CAN"]

1. e4 c5 2. c4 Nc6 3. d3 g6 4. Bd2 Bg7 5. Bc3 e5 6. Nf3 d6 7. Be2 Nge7 8. h3 h6
9. Bd2 Be6 10. Nc3 Qd7 11. a3 a6 12. Nd5 Bxd5 13. cxd5 Nd4 14. Nxd4 cxd4 15.
Rc1 O-O 16. O-O f5 17. f4 Kh7 18. g4 fxg4 19. Bxg4 Qb5 20. Bb4 Qb6 21. Rc2 exf4
22. Rcf2 Be5 23. Bd2 g5 24. Be6 Ng8 25. h4 Nf6 26. hxg5 hxg5 27. Rg2 Kh6 28.
Qf3 Nh7 29. Rh2+ Kg7 30. Qh5 1-0

[Event "Quebec op U1700"]
[Site "Laval CAN"]
[Date "2022.09.04"]
[Round "6.51"]
[White "Levasseur, Sylvain"]
[Black "Novozhenin, Oleksandr"]
[Result "0-1"]
[WhiteElo "1509"]
[BlackElo "1593"]
[PlyCount "60"]
[EventDate "2022.09.01"]
[EventType "swiss"]
[EventRounds "9"]
[EventCountry "CAN"]

1. e4 e5 2. Nf3 Nc6 3. Bc4 Bc5 4. d3 h6 5. c3 d6 6. h3 Nf6 7. Bb3 Be6 8. Nbd2
Bb6 9. Qe2 Qd7 10. Bc2 O-O-O 11. Nf1 g5 12. Bd2 g4 13. hxg4 Nxg4 14. Be3 f5 15.
Bxb6 axb6 16. exf5 Bxf5 17. O-O-O d5 18. Ng3 Be6 19. Nh4 Qf7 20. Nf3 d4 21. c4
b5 22. b3 b4 23. Ne4 Nf6 24. Nfd2 Rdg8 25. f3 Nh5 26. Rxh5 Qxh5 27. Nf6 Qh2 28.
Nxg8 Rxg8 29. Qe4 Rxg2 30. f4 Bg4 0-1

[Event "Quebec op U1700"]
[Site "Laval CAN"]
[Date "2022.09.04"]
[Round "6.52"]
[White "Morais, Antoine"]
[Black "Miron, Gilles"]
[Result "1-0"]
[WhiteElo "1507"]
[BlackElo "1388"]
[PlyCount "131"]
[EventDate "2022.09.01"]
[EventType "swiss"]
[EventRounds "9"]
[EventCountry "CAN"]

1. e4 e6 2. d4 d5 3. Nd2 c5 4. Ngf3 Qb6 5. exd5 exd5 6. Nb3 c4 7. Nbd2 Nf6 8.
Be2 Bd6 9. O-O O-O 10. Ne5 Qc7 11. Ndf3 Nc6 12. Nxc6 bxc6 13. h3 Bf5 14. c3 Ne4
15. Nd2 Ng5 16. Bg4 Bd3 17. Re1 Rae8 18. Nxc4 Bh2+ 19. Kh1 dxc4 20. Bxg5 Bf4
21. Bxf4 Qxf4 22. Kg1 Qd6 23. Be2 Be4 24. Bxc4 Re7 25. Bd3 Bg6 26. Qd2 Rfe8 27.
Bxg6 hxg6 28. Rxe7 Qxe7 29. Kf1 Qd6 30. Re1 Rxe1+ 31. Qxe1 Qh2 32. f3 Qf4 33.
Qe2 Qc1+ 34. Kf2 Qf4 35. g3 Qf5 36. g4 Qb1 37. b3 Qh1 38. Qf1 Qh2+ 39. Qg2 Qf4
40. Ke2 Qc1 41. Kd3 Qa3 42. Qe2 Qa6+ 43. Ke3 Qa5 44. Kd3 Qb5+ 45. c4 Qb4 46.
Qe8+ Kh7 47. Qxc6 Qe1 48. Qe4 Qb1+ 49. Kc3 Qxa2 50. c5 a5 51. c6 Qa3 52. d5
Qc5+ 53. Kd3 Qc1 54. h4 Qb1+ 55. Kc4 Qf1+ 56. Kc5 Qc1+ 57. Kb5 Qc3 58. h5 Qxb3+
59. Kxa5 Qa3+ 60. Kb6 Qd6 61. hxg6+ fxg6 62. Kb7 Qd8 63. c7 Qd7 64. Kb8 Qb5+
65. Kc8 Qa6+ 66. Kd7 1-0

[Event "Quebec op U1700"]
[Site "Laval CAN"]
[Date "2022.09.04"]
[Round "6.53"]
[White "Raduica, Gheorghe"]
[Black "Podariu, Cristian"]
[Result "1/2-1/2"]
[WhiteElo "1472"]
[BlackElo "1496"]
[PlyCount "131"]
[EventDate "2022.09.01"]
[EventType "swiss"]
[EventRounds "9"]
[EventCountry "CAN"]

1. e4 c5 2. Nf3 e6 3. d4 cxd4 4. Nxd4 a6 5. Nc3 Qc7 6. g3 Nf6 7. Bg2 Nc6 8.
Nxc6 dxc6 9. O-O Bc5 10. Bg5 Be7 11. Qe2 h6 12. Be3 e5 13. Na4 Nd7 14. f4 b5
15. Nc3 Bc5 16. Bxc5 Nxc5 17. Qf2 Nd7 18. Kh1 O-O 19. f5 Bb7 20. a3 a5 21. b4
axb4 22. axb4 Qb6 23. Rxa8 Rxa8 24. Qf3 Nf6 25. Qd3 Rd8 26. Qe2 Rd4 27. Na2 Qd8
28. Nc3 Rxb4 29. Rd1 Rd4 30. Rxd4 Qxd4 31. Qd3 Qxd3 32. cxd3 b4 33. Nd1 b3 34.
Kg1 Ba6 35. Nb2 Nd7 36. Kf2 Nc5 37. Ke3 Bb5 38. Kd2 Kf8 39. Bf3 Ke7 40. Kc3 Kd6
41. Bd1 f6 42. Bxb3 Ba6 43. Bc4 Bc8 44. Bf7 Ke7 45. Bh5 Nb7 46. Na4 Nd6 47. Nc5
Nb5+ 48. Kb4 Bd7 49. Ka5 Be8 50. Kb6 Nd4 51. Bxe8 Kxe8 52. Ne6 Nxe6 53. fxe6
Ke7 54. Kxc6 Kxe6 55. g4 g6 56. h3 f5 57. exf5+ gxf5 58. gxf5+ Kxf5 59. Kd5 Kf4
60. Ke6 e4 61. dxe4 Kxe4 62. Kd6 Kd4 63. Ke6 Ke4 64. Kd6 Kf4 65. Kd5 Kg5 66.
Ke4 1/2-1/2

[Event "Quebec op U1700"]
[Site "Laval CAN"]
[Date "2022.09.04"]
[Round "6.55"]
[White "Duplessis, Claude"]
[Black "Bedard, Daniel"]
[Result "1-0"]
[WhiteElo "1551"]
[BlackElo "1432"]
[PlyCount "67"]
[EventDate "2022.09.01"]
[EventType "swiss"]
[EventRounds "9"]
[EventCountry "CAN"]

1. e4 c5 2. Nc3 Nc6 3. f4 e5 4. d3 d6 5. Nf3 Bg4 6. Be2 Nf6 7. h3 Bxf3 8. Bxf3
Be7 9. f5 Qd7 10. Bd2 h5 11. Bg5 g6 12. fxg6 fxg6 13. Qd2 O-O-O 14. O-O-O Kb8
15. Rhf1 Rdf8 16. g4 hxg4 17. Bxf6 Bxf6 18. Bxg4 Qd8 19. Qg2 Bg5+ 20. Kb1 Bf4
21. Nd5 g5 22. c3 Ne7 23. Nxe7 Qxe7 24. c4 Rf6 25. Qe2 Rhf8 26. Bf5 Qg7 27. a3
a5 28. Rg1 Qh6 29. Qc2 b6 30. Qa4 Kb7 31. Qd7+ Ka6 32. b4 axb4 33. axb4 cxb4
34. Kb2 1-0

[Event "Quebec op U1700"]
[Site "Laval CAN"]
[Date "2022.09.05"]
[Round "7.41"]
[White "Lafer, Michael Barry jr"]
[Black "Thouin, Hubert"]
[Result "1-0"]
[WhiteElo "1568"]
[BlackElo "1316"]
[PlyCount "67"]
[EventDate "2022.09.01"]
[EventType "swiss"]
[EventRounds "9"]
[EventCountry "CAN"]

1. e4 e5 2. Nf3 Nc6 3. Bb5 f5 4. d3 fxe4 5. dxe4 Nf6 6. Qe2 Bd6 7. O-O O-O 8.
c3 Ne7 9. Rd1 Ng6 10. h3 Be7 11. Bc4+ Kh8 12. Ng5 Qe8 13. Nd2 h6 14. Ngf3 c6
15. Nf1 Qd8 16. Ng3 d5 17. exd5 cxd5 18. Nxe5 Nxe5 19. Qxe5 Bd6 20. Qd4 dxc4
21. Qxd6 Bd7 22. b3 cxb3 23. axb3 Be6 24. Ba3 Bxb3 25. Qxf8+ Qxf8 26. Bxf8 Bxd1
27. Bxg7+ Kxg7 28. Rxd1 Rc8 29. Nf5+ Kh7 30. Rd3 a6 31. g4 b5 32. Rd6 Ne4 33.
Rxh6+ Kg8 34. Ne7+ 1-0

[Event "Quebec op U1700"]
[Site "Laval CAN"]
[Date "2022.09.05"]
[Round "7.42"]
[White "Harper, Jonathan"]
[Black "Yang, Jing Yao"]
[Result "0-1"]
[WhiteElo "1590"]
[BlackElo "1259"]
[PlyCount "106"]
[EventDate "2022.09.01"]
[EventType "swiss"]
[EventRounds "9"]
[EventCountry "CAN"]

1. e4 e5 2. Nf3 Nc6 3. Bb5 a6 4. Ba4 Nf6 5. O-O b5 6. Bb3 Be7 7. Re1 O-O 8. d4
d6 9. c3 Bb7 10. Nbd2 Nd7 11. Nf1 Bf6 12. d5 Ne7 13. Be3 Ng6 14. Qd2 Nc5 15.
Bxc5 dxc5 16. c4 Nf4 17. g3 Nh3+ 18. Kg2 Bc8 19. Qe3 Qe7 20. Rac1 b4 21. N1d2
Ng5 22. h4 Nxf3 23. Nxf3 Qd6 24. Rh1 Be7 25. Bc2 h6 26. Ne1 f5 27. exf5 Bxf5
28. Bxf5 Rxf5 29. Nd3 Raf8 30. Rc2 Qf6 31. Nxc5 Rf3 32. Ne4 Qg6 33. Qe2 R3f4
34. Re1 Rxh4 35. f3 Rhf4 36. c5 Rxf3 37. Qxf3 Rxf3 38. Kxf3 Qf7+ 39. Kg2 Qxd5
40. b3 a5 41. c6 Kf7 42. Ree2 Ke6 43. Kh2 h5 44. Nd2 h4 45. gxh4 Bxh4 46. Nc4
Bf6 47. Red2 Qf3 48. Nb6 Bg5 49. Nd5 Bxd2 50. Nxc7+ Kf7 51. Nd5 Qxd5 52. c7
Bf4+ 53. Kg1 Qd1+ 0-1

[Event "Quebec op U1700"]
[Site "Laval CAN"]
[Date "2022.09.05"]
[Round "7.43"]
[White "Avarian, Aram Sevag"]
[Black "Berube, Maximilien"]
[Result "1/2-1/2"]
[WhiteElo "1657"]
[BlackElo "1480"]
[PlyCount "74"]
[EventDate "2022.09.01"]
[EventType "swiss"]
[EventRounds "9"]
[EventCountry "CAN"]

1. e4 c6 2. d4 d5 3. exd5 cxd5 4. Bd3 Nc6 5. c3 Nf6 6. Bf4 Qb6 7. Qb3 Qxb3 8.
axb3 Nh5 9. Be3 a6 10. Nf3 f6 11. Be2 g6 12. b4 e5 13. b5 exd4 14. Nxd4 Nxd4
15. Bxd4 Kf7 16. Bxh5 gxh5 17. bxa6 Rxa6 18. Rxa6 bxa6 19. f3 Bf5 20. Kf2 Bd6
21. Nd2 Rb8 22. b4 Bc7 23. Ra1 Bd3 24. Nf1 a5 25. Ne3 axb4 26. cxb4 Rxb4 27.
Bxf6 Bb6 28. Bg5 Rb2+ 29. Kg3 Bxe3 30. Bxe3 h4+ 31. Kxh4 Rxg2 32. Kh3 Re2 33.
Bd4 Bf5+ 34. Kg3 Rd2 35. Ra4 Rd3 36. Kf4 Bg6 37. Kg4 Rd2 1/2-1/2

[Event "Quebec op U1700"]
[Site "Laval CAN"]
[Date "2022.09.05"]
[Round "7.44"]
[White "Tachijian, Mardig"]
[Black "Frangakis, Evan"]
[Result "0-1"]
[WhiteElo "1552"]
[BlackElo "1589"]
[PlyCount "152"]
[EventDate "2022.09.01"]
[EventType "swiss"]
[EventRounds "9"]
[EventCountry "CAN"]

1. d4 Nf6 2. c4 e6 3. Nc3 Bb4 4. Bd2 O-O 5. e3 b6 6. Bd3 Bb7 7. Nf3 d5 8. cxd5
Bxc3 9. Bxc3 Bxd5 10. O-O Nbd7 11. Re1 Ne4 12. Nd2 Nxc3 13. bxc3 c5 14. e4 Bb7
15. f3 Nf6 16. e5 Nd5 17. dxc5 Nxc3 18. Qc2 Qd4+ 19. Kh1 Rfd8 20. Bxh7+ Kh8 21.
Nb3 Qh4 22. Qxc3 Qxh7 23. c6 Rac8 24. c7 Rd5 25. Rad1 Qh4 26. Rxd5 Bxd5 27. Rc1
Qa4 28. Qd4 Qd7 29. Qc3 Qa4 30. Nd4 Qd7 31. a3 Kg8 32. Qc2 b5 33. Qc5 Bc4 34.
Qxa7 Rxc7 35. Qb8+ Rc8 36. Qd6 Qb7 37. h3 Ra8 38. Qb4 Qd5 39. Qd6 Qb7 40. Nc6
Re8 41. Na5 Qc8 42. Nxc4 bxc4 43. Qb4 Qc7 44. Qxc4 Qxe5 45. a4 Ra8 46. Qb5 Qe3
47. Rb1 Qa3 48. Rb4 Qa2 49. Rh4 Qf2 50. Qh5 Kf8 51. Qh8+ Ke7 52. Qxa8 Qxh4 53.
Qe4 Qg5 54. Qb4+ Ke8 55. Qb5+ Qxb5 56. axb5 Kd7 57. Kg1 Kc7 58. Kf2 Kb6 59. Ke3
Kxb5 60. Kd4 Kc6 61. f4 Kd6 62. g4 f6 63. g5 e5+ 64. Ke4 exf4 65. g6 f3 66.
Kxf3 Ke5 67. Kg4 f5+ 68. Kg5 f4 69. h4 f3 70. h5 f2 71. h6 gxh6+ 72. Kxh6 Kf6
73. g7 f1=Q 74. Kh7 Qh3+ 75. Kg8 Qc8+ 76. Kh7 Kf7 0-1

[Event "Quebec op U1700"]
[Site "Laval CAN"]
[Date "2022.09.05"]
[Round "7.45"]
[White "Novozhenin, Oleksandr"]
[Black "Houde-Belle-Isle, Raphael"]
[Result "1/2-1/2"]
[WhiteElo "1593"]
[BlackElo "1310"]
[PlyCount "71"]
[EventDate "2022.09.01"]
[EventType "swiss"]
[EventRounds "9"]
[EventCountry "CAN"]

1. e4 e5 2. Nf3 Nc6 3. Bb5 Bc5 4. c3 Nf6 5. d3 Qe7 6. Bg5 Bxf2+ 7. Ke2 Bb6 8.
Rf1 d6 9. h3 Bd7 10. Nh4 O-O-O 11. Nf5 Bxf5 12. Rxf5 h6 13. Bxf6 gxf6 14. a4 a6
15. Bxc6 bxc6 16. b4 Rdg8 17. Qf1 Rg6 18. b5 cxb5 19. axb5 a5 20. Nd2 h5 21.
Nf3 h4 22. Ra2 Qd8 23. c4 Qg8 24. Kd1 Qg7 25. Nh2 Rg8 26. Ng4 Rxg4 27. hxg4
Qxg4+ 28. Qf3 Kd7 29. Rxf6 Qxf3+ 30. Rxf3 Ke7 31. g3 Rxg3 32. Rxg3 hxg3 33. Ke1
Kf6 34. Kf1 Kg5 35. Kg2 Kf4 36. Re2 1/2-1/2

[Event "Quebec op U1700"]
[Site "Laval CAN"]
[Date "2022.09.05"]
[Round "7.47"]
[White "Peloquin, Charli"]
[Black "Bourassa, Louis"]
[Result "1-0"]
[WhiteElo "1298"]
[BlackElo "1511"]
[PlyCount "69"]
[EventDate "2022.09.01"]
[EventType "swiss"]
[EventRounds "9"]
[EventCountry "CAN"]

1. c4 f5 2. Qc2 e6 3. g3 Nf6 4. Bg2 d6 5. d3 Be7 6. Nf3 O-O 7. O-O Nc6 8. a3 a5
9. e4 fxe4 10. dxe4 e5 11. Rd1 Bg4 12. Be3 Bxf3 13. Bxf3 Qd7 14. Qe2 Qh3 15.
Nc3 Qd7 16. Bg2 Qe8 17. Nb5 Rc8 18. Rac1 Nb8 19. c5 c6 20. Nxd6 Bxd6 21. cxd6
Nbd7 22. f4 Qg6 23. fxe5 Nxe5 24. Bf4 Nfd7 25. Qc2 Rcd8 26. Qb3+ Kh8 27. Kh1
Ng4 28. Kg1 Nge5 29. Qc3 Rfe8 30. Qxa5 b6 31. Qc3 c5 32. Rd5 Qh5 33. g4 Qxg4
34. Bxe5 Nxe5 35. Rxe5 1-0

[Event "Quebec op U1700"]
[Site "Laval CAN"]
[Date "2022.09.05"]
[Round "7.48"]
[White "Chasles, Jean-Benoit"]
[Black "Laroche, Martin"]
[Result "1-0"]
[WhiteElo "1423"]
[BlackElo "1416"]
[PlyCount "135"]
[EventDate "2022.09.01"]
[EventType "swiss"]
[EventRounds "9"]
[EventCountry "CAN"]

1. e4 e5 2. Nf3 Nc6 3. d4 exd4 4. Nxd4 Nxd4 5. Qxd4 Qf6 6. e5 Qb6 7. Qxb6 axb6
8. Nc3 c6 9. Be3 Bc5 10. Bxc5 bxc5 11. Ne4 Ne7 12. Nxc5 O-O 13. Bc4 b6 14. Nd3
Ng6 15. O-O-O Re8 16. f4 Ba6 17. Bxa6 Rxa6 18. Kb1 Ne7 19. g3 Nd5 20. Rhe1 Ra7
21. c4 Ne7 22. Rd2 c5 23. Nf2 Nc6 24. Rd6 Rb8 25. Red1 Nd4 26. Ne4 Kf8 27. Rd3
Ke7 28. g4 Ra4 29. b3 Ra3 30. Rd2 Rb7 31. Rf2 Nc6 32. Nc3 Ra8 33. Nd5+ Ke8 34.
a4 Rab8 35. h4 Ne7 36. Ne3 Nc6 37. Nf5 Kf8 38. Rfd2 g6 39. Ng3 Nd4 40. Rd3 Ke7
41. Ne4 h5 42. gxh5 gxh5 43. Nf6 Rh8 44. Nd5+ Ke8 45. Rxb6 Rxb6 46. Nxb6 Rg8
47. a5 Rg1+ 48. Kb2 Rg2+ 49. Ka3 Rg1 50. Rd2 Ra1+ 51. Kb2 Rxa5 52. b4 Ra6 53.
bxc5 Nf5 54. Nxd7 Nxh4 55. Nf6+ Ke7 56. Nxh5 Rc6 57. Rd5 Nf5 58. Kc3 Ne3 59.
Rd3 Ng2 60. Kb4 Rh6 61. Rd2 Ne3 62. Nf6 Rh4 63. Nd5+ Nxd5+ 64. cxd5 Rxf4+ 65.
Kb5 f5 66. d6+ Kd8 67. c6 Rf1 68. c7+ 1-0

[Event "Quebec op U1700"]
[Site "Laval CAN"]
[Date "2022.09.05"]
[Round "7.49"]
[White "Masse-Garneau, Anthony"]
[Black "Morais, Antoine"]
[Result "1/2-1/2"]
[WhiteElo "1600"]
[BlackElo "1507"]
[PlyCount "65"]
[EventDate "2022.09.01"]
[EventType "swiss"]
[EventRounds "9"]
[EventCountry "CAN"]

1. e4 e5 2. Nf3 Nc6 3. d4 exd4 4. Nxd4 Qf6 5. Be3 Bc5 6. c3 Nge7 7. Bc4 Ne5 8.
Be2 Qg6 9. Bf3 O-O 10. O-O Rd8 11. Nd2 Nxf3+ 12. Qxf3 d5 13. Qg3 Qxg3 14. fxg3
c6 15. Bf2 Bb6 16. exd5 c5 17. N4b3 Rxd5 18. Ne4 c4 19. Bxb6 cxb3 20. axb3 Rb5
21. Rxa7 Rxa7 22. Bxa7 Rxb3 23. Rd1 Nc6 24. Bd4 h5 25. Rd2 Be6 26. Nc5 Nxd4 27.
cxd4 Rb5 28. Nxe6 fxe6 29. Kf2 Kf7 30. Ke3 Ke7 31. h4 Kd6 32. Kf4 Rf5+ 33. Ke4
1/2-1/2

[Event "Quebec op U1700"]
[Site "Laval CAN"]
[Date "2022.09.05"]
[Round "7.50"]
[White "Bergeron, Jean-Guy"]
[Black "Guillemette, Sebastien"]
[Result "0-1"]
[WhiteElo "1370"]
[BlackElo "1495"]
[PlyCount "49"]
[EventDate "2022.09.01"]
[EventType "swiss"]
[EventRounds "9"]
[EventCountry "CAN"]

1. c4 e6 2. Nc3 d5 3. d4 c5 4. cxd5 exd5 5. Nf3 Nc6 6. Bg5 Be7 7. Bxe7 Ngxe7 8.
e3 cxd4 9. Nxd4 O-O 10. Be2 Qb6 11. Nb3 Rd8 12. O-O d4 13. Na4 Qb4 14. Nac5
dxe3 15. Bd3 Bf5 16. fxe3 Bxd3 17. Nxd3 Qe4 18. Nbc5 Qxe3+ 19. Kh1 b6 20. Qb3
bxc5 21. Qxf7+ Kh8 22. Rf3 Qd4 23. Raf1 c4 24. Nf4 Ne5 25. Qxg7+ 0-1

[Event "Quebec op U1700"]
[Site "Laval CAN"]
[Date "2022.09.05"]
[Round "7.51"]
[White "Laporte, Michel"]
[Black "Smirnov, Arteme-Iouri"]
[Result "0-1"]
[WhiteElo "1528"]
[BlackElo "1495"]
[PlyCount "92"]
[EventDate "2022.09.01"]
[EventType "swiss"]
[EventRounds "9"]
[EventCountry "CAN"]

1. d4 d5 2. Nf3 Nf6 3. e3 Bf5 4. Bd3 Bg6 5. O-O e6 6. Nbd2 Nbd7 7. b3 c5 8. Bb2
cxd4 9. exd4 Bxd3 10. cxd3 Bd6 11. Ne5 O-O 12. f4 Ne8 13. Qe2 f6 14. Nef3 Nc7
15. Nh4 Re8 16. Qg4 Qe7 17. Rae1 Qf8 18. f5 e5 19. dxe5 Nxe5 20. Bxe5 Bxe5 21.
d4 Bd6 22. Rc1 Rac8 23. Qh5 Qf7 24. Ng6 Nb5 25. Nf3 Nc3 26. Nfh4 Ne2+ 27. Qxe2
Rxe2 28. Rxc8+ Re8 29. Rxe8+ Qxe8 30. Nf4 Qe3+ 31. Kh1 Bxf4 32. Nf3 Qe2 33. Re1
Qxa2 34. Kg1 Kf7 35. Kf1 Qxb3 36. Kf2 a5 37. g3 Bh6 38. g4 a4 39. h4 Bf4 40. g5
a3 41. g6+ hxg6 42. fxg6+ Kxg6 43. h5+ Kxh5 44. Rh1+ Kg6 45. Nh4+ Kf7 46. Nf5
Qc2+ 0-1

[Event "Quebec op U1700"]
[Site "Laval CAN"]
[Date "2022.09.05"]
[Round "7.52"]
[White "Duguay-Piron, Simon"]
[Black "Raduica, Gheorghe"]
[Result "1-0"]
[WhiteElo "1416"]
[BlackElo "1472"]
[PlyCount "87"]
[EventDate "2022.09.01"]
[EventType "swiss"]
[EventRounds "9"]
[EventCountry "CAN"]

1. e4 c5 2. Nf3 e6 3. d4 cxd4 4. Nxd4 a6 5. c4 Nc6 6. Nc3 Nxd4 7. Qxd4 Qc7 8.
g3 Qc5 9. Qd3 Qd6 10. Qf3 Nf6 11. Bg2 Qd4 12. O-O Qe5 13. Bf4 Qh5 14. e5 Qxf3
15. Bxf3 Ng8 16. Ne4 Be7 17. Rfd1 f5 18. exf6 Nxf6 19. Nd6+ Bxd6 20. Bxd6 Kf7
21. Be5 Rg8 22. Rd4 g5 23. Rad1 Kg6 24. b4 Kf5 25. Bd6 Ne8 26. Be4+ Kf6 27.
Bxh7 Rg7 28. Be4 Nxd6 29. Rxd6 Ke5 30. Bf3 Rf7 31. Kg2 Rg7 32. c5 g4 33. Be2
Kf5 34. f3 gxf3+ 35. Bxf3 a5 36. b5 a4 37. Rb6 Ra7 38. h4 a3 39. g4+ Kf4 40.
Re1 Ra4 41. c6 bxc6 42. Rb8 Rd4 43. Rxc8 cxb5 44. Rf8+ 1-0

[Event "Quebec op U1700"]
[Site "Laval CAN"]
[Date "2022.09.05"]
[Round "7.53"]
[White "Podariu, Cristian"]
[Black "Duplessis, Claude"]
[Result "1-0"]
[WhiteElo "1496"]
[BlackElo "1551"]
[PlyCount "65"]
[EventDate "2022.09.01"]
[EventType "swiss"]
[EventRounds "9"]
[EventCountry "CAN"]

1. d4 f5 2. c4 Nf6 3. Nc3 e6 4. Nf3 Be7 5. e3 d6 6. Qc2 Nbd7 7. Bd3 Nb6 8. b3
c6 9. O-O O-O 10. e4 g6 11. exf5 gxf5 12. Re1 Nh5 13. Bb2 Nf4 14. Bf1 Qe8 15.
Bc1 Nh5 16. Bg5 Bxg5 17. Nxg5 Qg6 18. Nh3 Nd7 19. Ne2 Ndf6 20. Nef4 Nxf4 21.
Nxf4 Qf7 22. f3 Bd7 23. Qd2 Nh5 24. Nxh5 Qxh5 25. Qf4 d5 26. cxd5 cxd5 27. Rac1
Rac8 28. Rc7 Bc6 29. Rxc8 Rxc8 30. Qd6 Qe8 31. a4 Qd7 32. Qe5 Qg7 33. Qxe6+ 1-0

[Event "Quebec op U1700"]
[Site "Laval CAN"]
[Date "2022.09.05"]
[Round "7.55"]
[White "Miron, Gilles"]
[Black "Bedard, Daniel"]
[Result "1-0"]
[WhiteElo "1388"]
[BlackElo "1432"]
[PlyCount "45"]
[EventDate "2022.09.01"]
[EventType "swiss"]
[EventRounds "9"]
[EventCountry "CAN"]

1. e4 c5 2. Nc3 Nc6 3. f4 e5 4. Nf3 d6 5. Bc4 h6 6. O-O exf4 7. a3 g5 8. d3 Ne5
9. Nxe5 dxe5 10. Qh5 Qd7 11. Bb5 Nf6 12. Bxd7+ Bxd7 13. Qe2 Bg4 14. Qe1 O-O-O
15. a4 a6 16. Nb1 b6 17. Na3 Be6 18. Qc3 Bd6 19. Nc4 Bxc4 20. Qxc4 Rd7 21.
Qxa6+ Rb7 22. Qa8+ Rb8 23. Qc6+ 1-0